000 01077nam a22003257a 4500
003 CHAP
005 20220329142500.0
008 010606d1990 mx d r 00110 spa d
010 _a84096
011 _a85068
020 _a9706040269
035 _a95598
040 _cCHAP
082 0 4 _a001.61
_bC35
100 0 0 _aCampo, Victor J.
_918069
245 1 0 _aProblemas resueltos GW BASIC / BASICA para IBM PC y compatibles
_c/por Victor J. Campo
260 _aMéxico, D.F. :
_bMacrobit
_c1990
300 _a235 p. :
_bgráfs. ; cuadros ; diagramas
590 _aBATCH-UPD
_b10
_c20130110
_lUCH01
_h1154
590 _aBATCH-UPD
_b10
_c20130410
_lUCH01
_h0737
590 _aBATCH-UPD
_b10
_c20130914
_lUCH01
_h0544
590 _aCONVERSION
_b10
_c20130109
_lUCH01
_h1347
650 1 4 _aBASIC (Programación)
_910695
650 1 4 _aComputación
_xEstudio y enseñanza.
_926125
650 1 4 _aLenguajes de programación.
_965989
901 _aBK
905 _aMarco A. Mendoza T.
942 _cLIBRO
949 _a001.61 C35
_bBC
_cLIBRO
_d33724000820015
_eLIBRO
_gDonaciØn
_h100283
_i95598
_st
999 _c84096
_d84096